| 000 | 01020nam a2200313 i 4500 | ||
|---|---|---|---|
| 001 | bg | ||
| 003 | BPK | ||
| 005 | 20200428082249.0 | ||
| 008 | s2006 pl f f |000 0 pol | ||
| 020 | _a8321341985 | ||
| 040 | _cBPK | ||
| 041 | 0 | _apol | |
| 080 | _a69:728.3 | ||
| 080 | _a624.01/.07 | ||
| 080 | _a(07) | ||
| 100 | 1 | _aMichalak, Hanna. | |
| 245 | 1 | 0 |
_aDomy jednorodzinne : _bkonstruowanie i obliczanie / _cHanna Michalak, Stefan Pyrak. |
| 250 | _aWyd. zaktual. (dodr.). | ||
| 260 |
_aWarszawa : _b"Arkady", _c2006. |
||
| 300 |
_a339, [1] s. : _b2 mapy, rys. ; _c24 cm. |
||
| 504 | _aBibliogr. | ||
| 650 | 4 |
_aBudownictwo jednorodzinne _xprojekty. |
|
| 655 | 4 | _aPodręcznik | |
| 710 |
_aWydawnictwo "Arkady". _4pbl. |
||
| 700 | 1 |
_aPyrak, Stefan _eAutor |
|
| 856 |
_uhttp://koha.tu.koszalin.pl/cgi-bin/koha/opac-detail.pl?biblionumber=53386 _yKatalog online BPK |
||
| 942 |
_cKS _2UKD |
||
| 999 |
_c53386 _d53386 |
||